LEADER 01675nas a2200397 u 4500 001 000000004923 003 CaOOAMICUS 005 20070226104714.0 008 940514c19549999enkqr p u0 u eng u 022 0 $a0028-6885 035 $a10130971 040 $aPUL$bita 041 0 $aeng$afre$ager 130 0 $aNew Testament Studies$g[Spogli].$0(OLS)http://pul/title/7159 222 00$aNew Testament studies 245 10$aNew Testament Studies. 260 $aLondon, [etc.] :$bCambridge University Press,$c1954- 300 $av. ;$c26 cm 310 $aTrimestrale 362 0 $av. 1 (Sept. 1954)- 500 $a"An international journal" 550 $a"Published under the auspices of Studiorum Novi Testamenti Societas" 555 $aVol. 1-16, 1954-70. 570 $aEditor: 1954- M. Black. 630 04$aBiblia$xPeriodici.$0(OLS)http://pul/subject/14065 700 1 $aBlack, Matthew.$0(OLS)http://pul/name/5132 710 2 $aSociety for New Testament Studies.$0(OLS)http://pul/name/5133 776 0 $tNew Testament Studies.$dLondon, [etc.] : Cambridge University Press, 1954-$x1469-8145$w()175225 780 00$aSociety for New Testament Studies.$tBulletin 850 $aPUL 852 $aPUL$W1$xSL Riviste Correnti$y14$m3-164/SL225.05Riv.9/DP1346.E$j6866$nSE-PRI$qPeriodici$q$b1958-$B6866$CPULBib$Z2$F6866 $Hnull $81 941 1 $a5 996 $6022$a0028-6885$9(OLS)http://pul/number/6345 996 $6222$aNew Testament studies$9(OLS)http://pul/title/7160 996 $6245$aNew Testament Studies$9(OLS)http://pul/title/7161 996 $6260$aLondon, [etc.] :$bCambridge University Press$9(OLS)http://pul/publisher/50682 LEADER 01756nam a2200361 u 4500 001 000000052257 003 CaOOAMICUS 005 20070226115429.0 008 001012m19611965mau u000 u eng u 035 $a10858032 040 $aPUL(R)$bita 041 1 $aeng$agrc 100 0 $aAristoteles,$d384-322 a.C.$0(OLS)http://pul/name/792 240 10$aProblemata$9(Aristoteles, 384-322 a.C. Opere spurie e dubbie).$lInglese e greco.$0(OLS)http://pul/title/70103 245 10$aProblems /$cAristotle ; with an English translation by W.S. Hett. 260 $aCambridge, Mass. :$bHarvard University Press ;$aLondon :$bW. Heimann,$c1961-1965. 300 $a2 v. ;$c17 cm 490 1 $aLoeb classical library 505 0 $av. 1. Problems I-XXI -- v. 2. Problems XXII-XXXVIII ; Rhetorica ad Alexandrum / with an English translation by H. Rackham. 700 1 $aRackham, H.$q(Harris),$d1868-1944.$0(OLS)http://pul/name/19503 700 1 $aHett, W. S.$0(OLS)http://pul/name/15313 830 0$aLoeb classical library.$0(OLS)http://pul/title/4029 850 $aPUL 852 $aPUL$W1$xDP1 Fondo Ciprotti$y59$m1546 D 2-3$j69117$nBK-PRI$b $qFondi$B69117$CPULBib$Z2$F69117 $H $81 852 $aPUL$W1$xDP1 Fondo Ciprotti$y59$m1546 D 2-3$j69117$nBK-PRI$b $qFondi$B69118$CPULBib$Z2$F69118 $H $81 900 $aAristotle,$d 384-322 a.C.$9792 900 $aAristotele,$d384-322 a.C.$9792 941 1 $a1 961 $aINV: F.cIPROTTI 961 $aINV: F.cIPROTTI 996 $6245$aProblems$9(OLS)http://pul/title/70104 996 $6260$aCambridge, Mass. :$bHarvard University Press$9(OLS)http://pul/publisher/49509 996 $6260$aLondon :$bW. Heimann$9(OLS)http://pul/publisher/68243